The physical basis of ultrahigh vacuum (Record no. 3300)

MARC details
000 -LEADER
fixed length control field 00685nam a2200217Ia 4500
003 - CONTROL NUMBER IDENTIFIER
control field IN-BaIIA
008 - FIXED-LENGTH DATA ELEMENTS--GENERAL INFORMATION
fixed length control field 211028s9999 xx 000 0 eng d
040 ## - CATALOGING SOURCE
Transcribing agency IIA Library
080 ## - UNIVERSAL DECIMAL CLASSIFICATION NUMBER
Universal Decimal Classification number 533.5
Item number RED
100 ## - MAIN ENTRY--PERSONAL NAME
Personal name Redhead, P. A
9 (RLIN) 5872
245 #4 - TITLE STATEMENT
Title The physical basis of ultrahigh vacuum
Statement of responsibility, etc. Redhead P. A., Hobson J. P. and Kornelsen E. V.
260 ## - PUBLICATION, DISTRIBUTION, ETC.
Place of publication, distribution, etc. London
Name of publisher, distributor, etc. Chapman and Hall
Date of publication, distribution, etc. 1968
300 ## - PHYSICAL DESCRIPTION
Extent xi, 498p.
490 ## - SERIES STATEMENT
Series statement High vacuum series
650 ## - SUBJECT ADDED ENTRY--TOPICAL TERM
Topical term or geographic name entry element Low density research
9 (RLIN) 5873
650 ## - SUBJECT ADDED ENTRY--TOPICAL TERM
Topical term or geographic name entry element NASA thesaurus
650 ## - SUBJECT ADDED ENTRY--TOPICAL TERM
Topical term or geographic name entry element Ultra high vacuum
9 (RLIN) 5874
700 ## - ADDED ENTRY--PERSONAL NAME
Personal name Hobson, J. P.
9 (RLIN) 5875
700 ## - ADDED ENTRY--PERSONAL NAME
Personal name Kornelsen, E. V.
9 (RLIN) 5876
942 ## - ADDED ENTRY ELEMENTS (KOHA)
Koha item type Books
Holdings
Withdrawn status Lost status Damaged status Not for loan Home library Current library Shelving location Date acquired Cost, normal purchase price Total Checkouts Full call number Barcode Date last seen Cost, replacement price Price effective from Koha item type Purchase Price
        IIA Library-Bangalore IIA Library-Bangalore General Stacks 25/09/1969 85.05   533.5/ RED 3664 05/11/2021 85.05 25/09/1969 Books Rs. 85.05

Powered by Koha